| Tag |
First Indicator |
Second Indicator |
Subfields |
| LEADER |
00000cam a2200000 4500 |
| 001 |
in00003815321 |
| 005 |
20190415185611.0 |
| 006 |
m o d |
| 007 |
cr |n||||||||n |
| 008 |
881213s1771 stk|||| o 00||||eng c |
| 035 |
|
|
|a (CU-RivES)T186718
|
| 035 |
|
|
|a (Uk-ES)006281409
|
| 035 |
|
|
|a (OCoLC)509424920
|
| 040 |
|
|
|a Uk-ES
|c Uk-ES
|d CU-RivES
|d CStRLIN
|d Cengage Gale
|d UtOrBLW
|
| 100 |
1 |
|
|a Hall, Archibald,
|d 1736-1778.
|0 http://id.loc.gov/authorities/names/nr92003086
|
| 245 |
1 |
3 |
|a An impartial survey of the religious clause in some burgess-oaths :
|b Of the constitution of the antiburgher-Judicatures; and, of the censures they inflicted on their brethren of the burgher denomination. In three parts. With a preface; wherein the nature and seasons of public covenanting are explained upon scripture-principles, in order to satisfy the scrupulous about the expendiency of renewing our solemn convenants at present. By Archibald Hall.
|
| 264 |
|
3 |
|a Edinburgh :
|b Printed by Wilson, Robertson, and Tennent,
|c [1771]
|
| 300 |
|
|
|a 1 online resource (xxiv,112 pages)
|
| 336 |
|
|
|a text
|b txt
|2 rdacontent
|
| 337 |
|
|
|a computer
|b c
|2 rdamedia
|
| 338 |
|
|
|a online resource
|b cr
|2 rdacarrier
|
| 500 |
|
|
|a Dated at end of preface: March 14. 1771.
|
| 500 |
|
|
|a Price in square brackets: (Price Ten Pence.)
|
| 510 |
4 |
|
|a English Short Title Catalog,
|c T186718.
|
| 500 |
|
|
|a Reproduction of original from National Library of Scotland.
|
| 500 |
|
|
|a Electronic resource.
|
| 650 |
|
0 |
|a Covenants
|x Religious aspects
|v Early works to 1800.
|
| 655 |
|
7 |
|a Electronic books.
|2 local
|
| 710 |
2 |
|
|a Gale (Firm)
|0 http://id.loc.gov/authorities/names/no2008071348
|
| 752 |
|
|
|a Great Britain
|b Scotland
|d Edinburgh.
|
| 856 |
4 |
0 |
|u http://proxy.library.tamu.edu/login?url=http://find.galegroup.com/ecco/infomark.do?contentSet=ECCOArticles&docType=ECCOArticles&bookId=1477500200&type=getFullCitation&tabID=T001&prodId=ECCO&docLevel=TEXT_GRAPHICS&version=1.0&source=library&userGroupName=txshracd2898
|z Connect to the full text of this electronic book
|t 0
|
| 999 |
f |
f |
|s b9e048aa-22d7-3987-a718-e897c1ff96b7
|i 7c3efaf9-456a-310f-8842-16256cc9dc9e
|t 0
|
| 952 |
f |
f |
|a Texas A&M University
|b College Station
|c Electronic Resources
|d Available Online
|t 0
|h No information provided
|
| 998 |
f |
f |
|t 0
|l Available Online
|